Costa Rica 76 - Radiografía política
En este documento se presenta una reflexión de la situación de Costa Rica en el año 76, basado en la consulta a sectores costarricenses, como lo son: campesinos, obreros, intelectuales, religiosos y dirigentes políticos. Con el fin de entablar un diálogo amplio, que permita el esclarecimiento de la...
Furkejuvvon:
| Searvvušdahkki: | |
|---|---|
| Materiálatiipa: | Texto |
| Giella: | Spanish |
| Almmustuhtton: |
San José :
Centro Víctor Sanabria
|
| Fáttát: | |
| Fáddágilkorat: |
Lasit fáddágilkoriid
Eai fáddágilkorat, Lasit vuosttaš fáddágilkora!
|
MARC
| LEADER | 00000 a a2200000 04500 | ||
|---|---|---|---|
| 001 | 17148 | ||
| 003 | cru CIDCACS/IIS | ||
| 005 | 20231016094128.0 | ||
| 008 | 170324b xxu||||| |||| 00| 0 spa d | ||
| 020 | |a [sin ISBN] | ||
| 040 | |c cru CIDCACS/IIS |a cru CIDCACS/IIS | ||
| 090 | |a 04.04.02 C233r | ||
| 110 | |a Centro Víctor Sanabria | ||
| 245 | |a Costa Rica 76 - Radiografía política | ||
| 260 | |a San José : |b Centro Víctor Sanabria | ||
| 300 | |a 41 p. | ||
| 520 | |a En este documento se presenta una reflexión de la situación de Costa Rica en el año 76, basado en la consulta a sectores costarricenses, como lo son: campesinos, obreros, intelectuales, religiosos y dirigentes políticos. Con el fin de entablar un diálogo amplio, que permita el esclarecimiento de la conciencia nacional y marque una opción racional sobre lo que hay que hacer en Costa Rica, en temas de política. | ||
| 650 | 0 | |9 3646 |a POLÍTICA NACIONAL | |
| 650 | 0 | |9 83 |a DEMOCRACIA | |
| 651 | 0 | |9 32 |a COSTA RICA | |
| 654 | |9 4971 |a OPINION PUBLICA | ||
| 942 | |2 z |c LI |h 04.04.02 C233r |i 05794 |6 040402_C233R_05794 | ||
| 999 | |c 11829 |d 11829 | ||
